| 000 | 01116nam a2200301 a 4500 | ||
|---|---|---|---|
| 001 | 000013975 | ||
| 003 | DO-SdBNP | ||
| 005 | 20240520144825.0 | ||
| 008 | 091202s1995 dr 000 f spa d | ||
| 040 |
_aDO-SdBNP _bspa _cBNPHU |
||
| 082 |
_aRD863.44 _bP626n |
||
| 100 | 1 |
_aPiñeyro, Frank J. _d1957- _931638 |
|
| 245 | 1 | 0 |
_aNáufragos del odio : _bdos vidas en lucha contra las tiranias de Trujillo y Batista / _cFrank J. Piñeyro ; ilustración, Daniel de León ; edición, René Alfonso |
| 260 |
_aSanto Domingo : _bTaller, _c1995. |
||
| 300 |
_a241 páginas ; _c21 cm. |
||
| 336 |
_2rdacontent _atexto _btxt |
||
| 337 |
_2rdamedia _asin mediación _bn |
||
| 338 |
_2rdamedia _asin mediación _bnc |
||
| 500 | _aIncluye datos biográficos del autor en la contracubierta | ||
| 504 | _aBibliografía : p.241 | ||
| 590 | _aInventariado, 2020/MFF | ||
| 650 | 4 |
_aNovela histórica dominicana. _9860 |
|
| 650 | 4 |
_aLiteratura dominicana. _967 |
|
| 700 | 1 |
_aDe León, Daniel, _eilustración, _985519 |
|
| 700 | 1 |
_aAlfonso, Réne _eedición _985520 |
|
| 910 | _aValidado. Control de calidad MFF | ||
| 942 |
_2ddc _cLBS1 |
||
| 999 |
_c13579 _d13579 |
||